NEW COMPLETE GUIDE TO SEWING (Record no. 13447)

MARC details
000 -LEADER
fixed length control field 00274nam a22001337a 4500
003 - CONTROL NUMBER IDENTIFIER
control field SGT
082 ## - DEWEY DECIMAL CLASSIFICATION NUMBER
Classification number 746
Item number RD
100 ## - MAIN ENTRY--PERSONAL NAME
Personal name READER DIAGEST
245 ## - TITLE STATEMENT
Title NEW COMPLETE GUIDE TO SEWING
260 ## - PUBLICATION, DISTRIBUTION, ETC. (IMPRINT)
Name of publisher, distributor, etc RE- LONDON
Year of Publication 2011
300 ## - PAGE DESCRIPTION
No. of Pages 375
650 ## - SUBJECT ADDED ENTRY--TOPICAL TERM
Topical term or geographic name as entry element SEWING
942 ## - ADDED ENTRY ELEMENTS (KOHA)
Source of classification or shelving scheme Dewey Decimal Classification
Koha item type Books
942 ## - ADDED ENTRY ELEMENTS (KOHA)
-- 1
Holdings
Withdrawn status Lost status Source of classification or shelving scheme Damaged status Not for loan Home library Current library Shelving location Date acquired Vendor Name Cost, normal purchase price SGTU Bill Number Total Checkouts Full call number Accession No. (Barcode) Date last seen Bill Date Koha item type Date last borrowed
    Dewey Decimal Classification     SGT Science & Social Sciences Library SGT Science & Social Sciences Library Text Book 16/09/2017 SUMSAC INT. 0.00 SGTU 02854   746 RD FF436 16/09/2017 16/09/2017 Books  
    Dewey Decimal Classification     SGT Science & Social Sciences Library SGT Science & Social Sciences Library Text Book 16/09/2017 SUMSAC INT. 0.00 SGTU 02854 3 746 RD FF437 13/10/2021 16/09/2017 Books 24/09/2021
    Dewey Decimal Classification     SGT Science & Social Sciences Library SGT Science & Social Sciences Library Text Book 16/09/2017 SUMSAC INT. 0.00 SGTU 02854   746 RD FF438 16/09/2017 16/09/2017 Books